000 00274nam a22000977a 4500
999 _c521422
_d521422
082 _aTNC T19 R812
100 _aRoy, Ash Narain
_935226
245 _aGlobalisation or Gobble-Isation The Arab Experience
_cby Ash Narain Roy
260 _aNew delhi
_bKonark
_c2003
300 _a189p.